NBA Top 5 Teams Per Decade - Statistics

General Stats
  • This quiz has been taken 228 times
    56 since last reset
  • The average score is 8 of 40
Answer Stats
Decade Team W/L% % Correct
2020s Boston Celtics 67.3%
91%
1990s Chicago Bulls 70.8%
53%
2020s Denver Nuggets 64.0%
53%
2010s San Antonio Spurs 69.5%
51%
2020s Milwaukee Bucks 61.3%
47%
2000s San Antonio Spurs 70.2%
38%
2010s Golden State Warriors 62.8%
36%
1960s Boston Celtics 71.5%
31%
2000s Los Angeles Lakers 64.6%
29%
2010s Miami Heat 59.7%
29%
1980s Boston Celtics 72.2%
24%
1980s Los Angeles Lakers 72.1%
22%
1990s Utah Jazz 68.8%
20%
2020s Los Angeles Clippers 58.7%
18%
1960s Los Angeles Lakers 55.9%
18%
2020s Phoenix Suns 58.4%
18%
1950s Boston Celtics 57.8%
13%
1970s Los Angeles Lakers 59.1%
13%
2010s Oklahoma City Thunder 64.1%
13%
1980s Philadelphia 76ers 65.2%
13%
1960s Philadelphia 76ers 60.8%
13%
1990s San Antonio Spurs 62.9%
13%
1970s Boston Celtics 58.2%
11%
1950s Minneapolis Lakers 55.1%
11%
1990s Phoenix Suns 63.8%
11%
1990s Seattle SuperSonics 64.8%
11%
2000s Dallas Mavericks 66.8%
9%
2000s Detroit Pistons 60.6%
9%
1970s Milwaukee Bucks 60.0%
9%
2000s Phoenix Suns 59.9%
9%
2010s Houston Rockets 60.7%
7%
1980s Milwaukee Bucks 63.7%
7%
1960s St. Louis Hawks 55.6%
7%
1970s New York Knicks 55.9%
4%
1950s New York Knicks 55.3%
4%
1960s Cincinnati Royals 50.6%
2%
1950s Rochester Royals 51.7%
2%
1950s Syracuse Nationals 57.8%
2%
1980s Atlanta Hawks 54.8%
0%
1970s Washington Bullets 58.9%
0%
No matching quizzes found
Score Distribution
Percent of People with Each Score
Percentile by Number Answered
Your Score History
You have not taken this quiz since the last reset